000 00693nam a2200181 a 4500
008 120416s1998 ||||||||||||||||| || u
020 _a0521578817
050 _aQD 453.2 Lad
100 _aLadd, M. F. C. (Marcus Frederick Charles)
245 1 0 _aIntroduction to physical chemistry
250 _a3rd ed.
260 _aCambridge
_bCambridge University Press
_c1998
300 _axix, 513 p. : ill.
350 _a0.00
650 0 _aCHEMISTRY, PHYSICAL AND THEORETICAL
650 0 _aCHEMISTRY--HANDBOOKS, MANUALS, ETC
995 _D0.00
_FCBU-MAIN LIBRARY (Kitwe)
_H1
_I15.95
_UAVAILABLE
_WMay 3, 2006
_ZMain Library Open Access Collection
999 _c47932
_d47932